Những phẩm chất nhân cách người cán bộ, sĩ quan trong xây dựng Quân đội Nhân dân cách mạng, chính quy, tinh nhuệ, từng bước hiện đại /

সংরক্ষণ করুন:
গ্রন্থ-পঞ্জীর বিবরন
প্রধান লেখক: Nguyễn Ngọc Phú, GS. TS.
বিন্যাস: প্রবন্ধ
ভাষা:Vietnamese
বিষয়গুলি:
ট্যাগগুলো: ট্যাগ যুক্ত করুন
কোনো ট্যাগ নেই, প্রথমজন হিসাবে ট্যাগ করুন!
Thư viện lưu trữ: Thư viện Trường Đại học Đà Lạt
LEADER 00907nam a2200265 4500
001 DLU090076037
005 ##20090220
040 # # |a DLU  |b vie 
041 # # |a vie 
044 # # |a vn 
100 # # |a Nguyễn Ngọc Phú,  |c GS. TS. 
245 # # |a Những phẩm chất nhân cách người cán bộ, sĩ quan trong xây dựng Quân đội Nhân dân cách mạng, chính quy, tinh nhuệ, từng bước hiện đại /  |c Nguyễn Ngọc Phú. 
653 # # |a Phẩm chất cách mạng 
653 # # |a Phẩm chất chính trị 
653 # # |a Tâm lý học quân sự 
773 # # |t Tâm lý học  |g Số 12(45), 2002, tr. 28-33 
920 # # |a Phòng Tạp chí -- Trung tâm Thông tin - Thư viện Trường Đại học Đà Lạt 
994 # # |a DLU 
900 # # |a True 
911 # # |a Nguyễn Thanh Hương 
925 # # |a G 
926 # # |a A 
927 # # |a BB 
980 # # |a Thư viện Trường Đại học Đà Lạt